| 000 | 00425nam a22001457a 4500 | ||
|---|---|---|---|
| 005 | 20150708164450.0 | ||
| 008 | 150708b xxu||||| |||| 00| 0 eng d | ||
| 022 | _a0976-3686 | ||
| 245 | _aContemporary discourse | ||
| 260 |
_aThane _bDe. Madhavi Sudhir Nikam |
||
| 300 |
_av. _c21 cm |
||
| 310 | _aHalf-Yearly | ||
| 270 |
_bThane _e421301 _aA-2,503,Punyodaya Park,Adharwadi,Kalyan(West) _dIndia |
||
| 942 |
_2ddc _cSR _s1 _hCON |
||
| 999 |
_c94746 _d94746 |
||